00530nam a22001697a 450000500170000001000140001702000260003103500130005703700130007008200140008310000190009724500760011626000400019227000520023230000260028450000500031020100730113015.0 aENG-97441 a9788184840025c800.00 aEN-80974 bDBAD/PUB a321.80954 aJain, Vaishali aCrisis in indian democracy and gandhian alternative /cby Vaishali jain aNew DelhibRegal Publicationsc2009 aA-49/1, Mayapuri, Phase-1, bNew Delhie110 064 avi, 230p.c23 cm (Hb) aIncludes bibliagraphical references and index